• 首页
  • 本馆介绍
  • 公告通知
  • 最新文献
  • 馆藏检索
  • 电子资源
  • 读者导购
  • 参考咨询
  • 我的图书馆
  • 登录
  • 详细信息显示
  • 放入我的书架
  • 预约/预借图书
  • 作者相关作品
  • 分类相关作品
  • 丛书相关作品
  • 出版社相关作品

书目信息

  • 表格格式
  • 工作单格式
  • 卡片格式
题名:
爱,你准备好了吗?
    
 
作者: 曾宏燕 著
分册:  
出版信息: 上海   上海教育出版社  2000
页数: 286页
开本: 20cm
丛书名:
单 册:
中图分类: G634.25 , I247.8
科图分类:
主题词: 师生关系--中学 , 小说--中国
电子资源:
ISBN: 7-5320-6809-9
000 00908nam0 2200253 450
001 1531554657
005 20150119084635.31
010    @a7-5320-6809-9@dCNY16.00
100    @a20010121d2000 em y0chiy0110 ea
101 0  @achi
102    @aCN@b310000
105    @aa z 000yy
200 1  @a爱,你准备好了吗?@9ai , ni zhun bei hao le ma ?@e用爱的语言讲述成长的故事@f曾宏燕著
210    @a上海@c上海教育出版社@c上海世纪出版集团@d2000
215    @a286页@c图@d20cm
330    @a本书由初绽的玫瑰、伊甸园里的故事、透过爱的窗棂、飘浮的云絮和集体圆舞曲五部分组成,讲述了一段段作者与她的学生所共同经历的情感生活。
517 1  @a用爱的语言讲述成长的故事@9yong ai de yu yan jiang shu cheng zhang de gu shi
606 0  @a师生关系@x中学
606 0  @a小说@x中国
690    @aG634.25@v5
690    @aI247.8@v4
701  0 @a曾宏燕@9zeng hong yan@4著
801  0 @aCN@bTSSF@c20150119
905    @aZUCC@dI247.8@eJY126
    
    爱,你准备好了吗?:用爱的语言讲述成长的故事/曾宏燕著.-上海:上海教育出版社:上海世纪出版集团,2000
    286页:图;20cm
    
    
    ISBN 7-5320-6809-9:CNY16.00
    本书由初绽的玫瑰、伊甸园里的故事、透过爱的窗棂、飘浮的云絮和集体圆舞曲五部分组成,讲述了一段段作者与她的学生所共同经历的情感生活。
●
相关链接 在E读中查询图书 在五车中查询图书 在当当中查询图书 在豆瓣中查询图书


正题名:爱,你准备好了吗?     索取号:I247.8/JY126         预约/预借

序号 登录号 条形码 馆藏地/架位号 状态 备注
1 7847775   278477756   学院路分馆/ [索取号:I247.8/JY126] 在馆    
2 7847776   278477765   学院路分馆/ [索取号:I247.8/JY126] 在馆    
3 7847777   278477774   学院路分馆/ [索取号:I247.8/JY126] 在馆    
4 7847778   278477783   学院路分馆/ [索取号:I247.8/JY126] 在馆    
唐山师范学院图书馆 欢迎您!
大连网信软件有限公司© 版权所有